Introduction to Reliable Distributed Programming

In modern computing a program is usually distributed among several processes. The fundamental challenge when developing reliable distributed programs is to support the cooperation of processes required to execute a common task, even when some of these processes fail. Guerraoui and Rodrigues present...

Πλήρης περιγραφή

Λεπτομέρειες βιβλιογραφικής εγγραφής
Κύριοι συγγραφείς: Guerraoui, Rachid (Συγγραφέας), Rodrigues, Luís (Συγγραφέας)
Συγγραφή απο Οργανισμό/Αρχή: SpringerLink (Online service)
Μορφή: Ηλεκτρονική πηγή Ηλ. βιβλίο
Γλώσσα:English
Έκδοση: Berlin, Heidelberg : Springer Berlin Heidelberg, 2006.
Θέματα:
Διαθέσιμο Online:Full Text via HEAL-Link
LEADER 03133nam a22005295i 4500
001 978-3-540-28846-6
003 DE-He213
005 20151204182140.0
007 cr nn 008mamaa
008 100301s2006 gw | s |||| 0|eng d
020 |a 9783540288466  |9 978-3-540-28846-6 
024 7 |a 10.1007/3-540-28846-5  |2 doi 
040 |d GrThAP 
050 4 |a QA76.758 
072 7 |a UMZ  |2 bicssc 
072 7 |a UL  |2 bicssc 
072 7 |a COM051230  |2 bisacsh 
082 0 4 |a 005.1  |2 23 
100 1 |a Guerraoui, Rachid.  |e author. 
245 1 0 |a Introduction to Reliable Distributed Programming  |h [electronic resource] /  |c by Rachid Guerraoui, Luís Rodrigues. 
264 1 |a Berlin, Heidelberg :  |b Springer Berlin Heidelberg,  |c 2006. 
300 |a XVIII, 300 p. 31 illus.  |b online resource. 
336 |a text  |b txt  |2 rdacontent 
337 |a computer  |b c  |2 rdamedia 
338 |a online resource  |b cr  |2 rdacarrier 
347 |a text file  |b PDF  |2 rda 
505 0 |a Basic Abstractions -- Reliable Broadcast -- Shared Memory -- Consensus -- Consensus Variants -- Concluding Remarks. 
520 |a In modern computing a program is usually distributed among several processes. The fundamental challenge when developing reliable distributed programs is to support the cooperation of processes required to execute a common task, even when some of these processes fail. Guerraoui and Rodrigues present an introductory description of fundamental reliable distributed programming abstractions as well as algorithms to implement these abstractions. The authors follow an incremental approach by first introducing basic abstractions in simple distributed environments, before moving to more sophisticated abstractions and more challenging environments. Each core chapter is devoted to one specific class of abstractions, covering reliable delivery, shared memory, consensus and various forms of agreement. This textbook comes with a companion set of running examples implemented in Java. These can be used by students to get a better understanding of how reliable distributed programming abstractions can be implemented and used in practice. Combined, the chapters deliver a full course on reliable distributed programming. The book can also be used as a complete reference on the basic elements required to build reliable distributed applications. 
650 0 |a Computer science. 
650 0 |a Computer communication systems. 
650 0 |a Software engineering. 
650 0 |a Operating systems (Computers). 
650 0 |a Computers. 
650 0 |a Algorithms. 
650 1 4 |a Computer Science. 
650 2 4 |a Software Engineering/Programming and Operating Systems. 
650 2 4 |a Theory of Computation. 
650 2 4 |a Algorithm Analysis and Problem Complexity. 
650 2 4 |a Computer Communication Networks. 
650 2 4 |a Operating Systems. 
700 1 |a Rodrigues, Luís.  |e author. 
710 2 |a SpringerLink (Online service) 
773 0 |t Springer eBooks 
776 0 8 |i Printed edition:  |z 9783540288459 
856 4 0 |u http://dx.doi.org/10.1007/3-540-28846-5  |z Full Text via HEAL-Link 
912 |a ZDB-2-SCS 
950 |a Computer Science (Springer-11645)